000 01196pam a2200325 a 4500
999 _c8347
_d8347
001 8347
003 BD-JhCC
005 20180222104203.0
008 870723s1988 nyua b 001 0 eng
020 _a0471849979 :
_c$38.50 (est.)
035 _a(BD-JhCC)8347
040 _aDLC
_cDLC
_dDLC
_dBD-JhCC
041 _aeng
050 0 0 _aQD151.2
_b.C68 1988
082 0 0 _a546
_219
_bCOT 1988
100 1 _aCotton, F. Albert
_q(Frank Albert),
_d1930-2007.
245 1 0 _aAdvanced inorganic chemistry /
_cF. Albert Cotton and Geoffrey Wilkinson.
250 _a5th ed.
260 _aNew York :
_bWiley,
_cc1988.
300 _axvii, 1455 p. :
_bill. ;
_c24 cm.
500 _a"A Wiley-Interscience publication."
504 _aIncludes bibliographies and index.
650 0 _aChemistry, Inorganic.
700 1 _aWilkinson, Geoffrey,
_d1921-1996.
856 4 2 _3Contributor biographical information
_uhttp://www.loc.gov/catdir/enhancements/fy0607/87020728-b.html
856 4 2 _3Publisher description
_uhttp://www.loc.gov/catdir/enhancements/fy0607/87020728-d.html
856 4 1 _3Table of contents only
_uhttp://www.loc.gov/catdir/enhancements/fy0607/87020728-t.html
942 _2ddc
_cBK